000 00597nam a2200229Ia 4500
003 IT-RoPAU
008 120407s9999 xx 000 0 und d
040 _aIT-RoPAU
040 _cIT-RoPAU
041 _aita
100 _aRino Magnani
245 _aLa successione apostolica nella tradizione della Chiesa. Ricerca nel BEM e nei documenti del dialogo teologico bilaterale a livello internazionale.
250 _aBologna
260 _aEDB
260 _c1990
300 _a197 p.
300 _c22 cm
490 _aNuovi saggi teologici
490 _v128
942 _cBK
999 _c28197
_d28197